| 000 | 01568cam a2200361 i 4500 | ||
|---|---|---|---|
| 001 | 17897832 | ||
| 003 | NUST | ||
| 005 | 20240229114216.0 | ||
| 008 | 130925s2014 maua b 001 0 eng | ||
| 010 | _a 2013028480 | ||
| 020 | _a9780262026932 | ||
| 038 | _aMalang Jan | ||
| 040 |
_aDLC _beng _cDLC _erda _dDLC |
||
| 042 | _apcc | ||
| 050 | 0 | 0 |
_aNA2540 _b.C32 2014 |
| 082 | 0 | 0 |
_a720.1 _223 _bCAI |
| 100 | 1 |
_aCairns, Stephen, _eauthor. _9120773 |
|
| 245 | 1 | 0 |
_aBuildings must die : _ba perverse view of architecture / _cStephen Cairns, Jane M. Jacobs. |
| 264 | 1 |
_aCambridge, Massachusetts : _bThe MIT Press, _c[2014] |
|
| 300 |
_ax, 298 pages : _billustrations ; _c23 cm |
||
| 336 |
_atext _2rdacontent |
||
| 337 |
_aunmediated _2rdamedia |
||
| 338 |
_avolume _2rdacarrier |
||
| 504 | _aIncludes bibliographical references (pages 247-286) and index. | ||
| 505 | 0 | _aIntroduction: a feeling for the inert -- Design, creativity and architecture's natalism -- Terminal literacy: dross, rust and other architectural junk -- Towards a general economy of architecture -- Decay -- Obsolescence -- Disaster -- Ruin -- Demolition -- Ecological horizons. | |
| 650 | 0 | _aArchitecture. | |
| 650 | 0 |
_aBuilding materials _xDeterioration. _9121676 |
|
| 650 | 0 |
_aCreation (Literary, artistic, etc.) _xSocial aspects. _9121677 |
|
| 700 | 1 |
_aJacobs, Jane M. _q(Jane Margaret), _d1958- _eauthor. _9121678 |
|
| 906 |
_a7 _bcbc _corignew _d1 _eecip _f20 _gy-gencatlg |
||
| 942 |
_2ddc _cBK |
||
| 999 |
_c608480 _d608480 |
||